[Event "chess.com SpeedChess Q2Sw"]
[Site "chess.com INT"]
[Date "2022.11.12"]
[Round "2"]
[White "Kosakowski, Jakub"]
[Black "Salem, A.R. Saleh"]
[Result "0-1"]
[WhiteTitle "IM"]
[BlackTitle "GM"]
[WhiteElo "2475"]
[BlackElo "2677"]
[WhiteFideId "1185080"]
[BlackFideId "9301348"]
[EventDate "2022.11.12"]

1. e4 e5 2. Nf3 Nc6 3. Bb5 a6 4. Ba4 Nf6 5. O-O Be7 6. Re1 b5 7. Bb3 O-O 8. c3
d5 9. exd5 Nxd5 10. Nxe5 Nxe5 11. Rxe5 Bb7 12. Qf3 Bd6 13. Bxd5 Bxd5 14. Rxd5
Re8 15. g3 Re1+ 16. Kg2 Rxc1 17. a4 Qe8 18. Rd3 Rb8 19. Re3 Qd7 20. axb5 Qxb5
21. Qe2 Qxb2 22. Rxa6 Bf8 23. Na3 Bxa3 24. Re8+ Bf8 25. Ra7 Qb6 26. Rxb8 Qxb8
27. Qa6 Rb1 28. Kh3 h6 29. Ra8 Qb7 30. Qa3 c5 31. Rd8 Qe7 32. Qa8 Re1 33. Qc8
Re6 34. Kg2 Re2 35. d4 cxd4 36. cxd4 g6 37. d5 Kg7 38. Qc3+ Qe5 39. Qf3 Qe4 40.
d6 Qxf3+ 41. Kxf3 Rd2 42. d7 Be7 43. Re8 Rxd7 0-1

[Event "chess.com SpeedChess Q2Sw"]
[Site "chess.com INT"]
[Date "2022.11.12"]
[Round "2"]
[White "Shuvalova, Polina"]
[Black "Aarav, Dengla"]
[Result "0-1"]
[WhiteTitle "IM"]
[BlackTitle "FM"]
[WhiteElo "2492"]
[BlackElo "2357"]
[WhiteFideId "24171760"]
[BlackFideId "45059756"]
[EventDate "2022.11.12"]

1. d4 d5 2. Nf3 Nf6 3. Bf4 c5 4. e3 Nc6 5. Nbd2 e6 6. c3 Bd6 7. Bg3 Qe7 8. Bb5
a6 9. Bxc6+ bxc6 10. Ne5 Bd7 11. O-O O-O 12. Nd3 c4 13. Bxd6 Qxd6 14. Ne5 c5 15.
f4 Bc6 16. Qf3 cxd4 17. exd4 Rfc8 18. Rf2 Ne4 19. Nxe4 dxe4 20. Qe3 Bd5 21. Re1
f6 22. Ng4 h5 23. Nxf6+ gxf6 24. Qh3 Ra7 25. Qxh5 Qf8 26. Re3 Rh7 27. Rg3+ Rg7
28. Rh3 Qe8 29. Qh6 Kf7 30. Re2 Qg8 31. Qh5+ Ke7 32. Qh4 Rg4 33. Qf2 Qg7 34. f5
Rg8 35. Rhe3 exf5 36. h3 Rg5 37. Kf1 Kd8 38. b3 Qb7 39. Rb2 cxb3 40. axb3 Rxg2
41. Qxg2 Rxg2 42. Rxg2 f4 43. Re1 Qxb3 44. h4 Qxc3 45. Kg1 Bc4 46. Rxe4 Bd5 47.
Rxf4 Qc1+ 48. Rf1 Qe3+ 49. Rgf2 Qg3+ 0-1

[Event "chess.com SpeedChess Q2Sw"]
[Site "chess.com INT"]
[Date "2022.11.12"]
[Round "2"]
[White "Odegov, Artem"]
[Black "Alekseenko, Kirill"]
[Result "0-1"]
[WhiteTitle "FM"]
[BlackTitle "GM"]
[WhiteElo "2286"]
[BlackElo "2687"]
[WhiteFideId "34183644"]
[BlackFideId "4135539"]
[EventDate "2022.11.12"]

1. d4 d5 2. c4 dxc4 3. Nf3 a6 4. e3 Bg4 5. Bxc4 e6 6. Nc3 Nc6 7. O-O Nf6 8. h3
Bh5 9. a3 Bd6 10. b4 O-O 11. Bb2 Qe7 12. d5 Bxf3 13. Qxf3 Ne5 14. Qe2 Nxc4 15.
Qxc4 e5 16. Rac1 h6 17. Rfd1 Rac8 18. Qd3 Nd7 19. Na4 Rce8 20. Nc5 Bxc5 21. bxc5
Nxc5 22. Qc4 b6 23. a4 f5 24. Ba3 f4 25. Bxc5 bxc5 26. d6+ Qf7 27. d7 Rd8 28.
exf4 exf4 29. Rd2 f3 30. Qxf7+ Rxf7 31. gxf3 Rf5 32. Rcd1 Kf7 33. Kg2 c4 34. Kg3
Rc5 35. Rd4 c3 36. Rf4+ Ke6 37. Re4+ Re5 38. Rc4 Rxd7 39. Rxd7 Kxd7 40. Rxc3 c5
41. Kf4 Kd6 42. a5 Rd5 43. Ke4 Rh5 44. f4 Rd5 45. Rd3 Rxd3 46. Kxd3 Kd5 47. f3
g6 48. h4 h5 49. Kc3 c4 50. Kc2 Kc6 51. Kc3 Kc5 52. Kc2 Kb4 53. Kb2 Kxa5 54. Kc3
Kb5 0-1

[Event "chess.com SpeedChess Q2Sw"]
[Site "chess.com INT"]
[Date "2022.11.12"]
[Round "2"]
[White "Goltseva, Ekaterina"]
[Black "Deev, Andrei"]
[Result "1-0"]
[WhiteTitle "FM"]
[BlackTitle "IM"]
[WhiteElo "2265"]
[BlackElo "2390"]
[WhiteFideId "24173770"]
[BlackFideId "4102690"]
[EventDate "2022.11.12"]

1. d4 d6 2. Nf3 Bg4 3. c4 Nd7 4. Nc3 c5 5. d5 Ngf6 6. Bg5 g6 7. e3 Bg7 8. Be2
O-O 9. Nd2 Bxe2 10. Qxe2 a6 11. O-O b5 12. cxb5 axb5 13. Qxb5 Rb8 14. Qd3 Rxb2
15. Nc4 Rb4 16. a3 Rb3 17. Rfc1 Rxc3 18. Rxc3 Nxd5 19. Qxd5 Bxc3 20. Rd1 Bf6 21.
Bh6 Re8 22. f4 Nb6 23. Nxb6 Qxb6 24. e4 Bd4+ 25. Kh1 Rb8 26. h3 Qb3 27. Rxd4
cxd4 28. Qxd4 Qb2 29. Qa7 Qb7 30. Qd4 f6 31. Qc4+ d5 32. exd5 Qb5 33. Qe4 Qd7
34. Qc4 Rc8 35. Qb3 Qd6 36. a4 Kf7 37. a5 Rb8 38. Qc4 Ra8 39. Qc3 Ra6 40. f5
gxf5 41. Qd3 Kg6 42. Be3 Rxa5 43. Qe2 Rxd5 44. Bg1 Rd1 45. Qf3 h5 46. h4 1-0

[Event "chess.com SpeedChess Q2Sw"]
[Site "chess.com INT"]
[Date "2022.11.12"]
[Round "2"]
[White "Svane, Rasmus"]
[Black "Wagner, Dennis"]
[Result "1-0"]
[WhiteTitle "GM"]
[BlackTitle "GM"]
[WhiteElo "2619"]
[BlackElo "2580"]
[WhiteFideId "4657101"]
[BlackFideId "24650684"]
[EventDate "2022.11.12"]

1. Nf3 d5 2. g3 g6 3. Bg2 Bg7 4. d4 Nf6 5. O-O O-O 6. c4 c6 7. Qb3 a5 8. Rd1 a4
9. Qb4 Re8 10. Bf4 dxc4 11. Qxc4 Be6 12. Qc1 Qb6 13. Na3 Nbd7 14. Qc2 Bd5 15.
Ne5 Bxg2 16. Kxg2 Qd8 17. e4 Nb6 18. Rac1 Nh5 19. Be3 Qc7 20. Nb5 Qb8 21. Na3
Ra6 22. Nd3 Nf6 23. Nc5 Ra8 24. Bf4 Qc8 25. Be5 Nbd7 26. Nc4 b5 27. Nxd7 Nxd7
28. Bxg7 Kxg7 29. Ne3 Ra6 30. Qc3 Kg8 31. d5 c5 32. Ng4 f6 33. d6 e5 34. Ne3 Re6
35. Nd5 Kg7 36. Nc7 Raxd6 37. Nxe6+ Rxe6 38. Qd3 Nf8 39. Qxb5 Qa8 40. Rd5 f5 41.
Rcxc5 fxe4 42. Rc7+ Kh6 43. Qb7 Qe8 44. Rd2 a3 45. bxa3 Qa4 46. Rf7 e3 47. fxe3
e4 48. Rxf8 Qxa3 49. Qc7 Qxe3 50. Qf4+ Qxf4 51. Rxf4 e3 52. Re2 g5 53. Rf3 g4
54. Rfxe3 1-0

[Event "chess.com SpeedChess Q2Sw"]
[Site "chess.com INT"]
[Date "2022.11.12"]
[Round "2"]
[White "Bok, Benjamin"]
[Black "Vaibhav, Jayant Raut"]
[Result "1-0"]
[WhiteTitle "GM"]
[BlackTitle "CM"]
[WhiteElo "2618"]
[BlackElo "2247"]
[WhiteFideId "1017063"]
[BlackFideId "5089034"]
[EventDate "2022.11.12"]

1. c4 Nf6 2. g3 e5 3. Bg2 Nc6 4. Nc3 g6 5. e3 Bg7 6. Nge2 O-O 7. O-O d6 8. Rb1
a5 9. d3 h5 10. e4 h4 11. Bg5 h3 12. Bh1 Qe8 13. Qd2 Nh7 14. Be3 Nd4 15. f4 Bg4
16. Rf2 c6 17. Rbf1 f5 18. Bxd4 exd4 19. Nd1 Nf6 20. exf5 Bxf5 21. Bf3 Ng4 22.
Bxg4 Bxg4 23. Re1 Qf7 24. Rff1 Rae8 25. Nf2 Bc8 26. Ne4 Qc7 27. Kh1 c5 28. Ng1
b6 29. Nf3 Re7 30. Neg5 Rfe8 31. Rxe7 Rxe7 32. Re1 Bb7 33. Kg1 Qd8 34. Rxe7 Qxe7
35. Qe1 Qd7 36. Kf2 Bf6 37. Qe6+ Qxe6 38. Nxe6 Kf7 39. Neg5+ Ke7 40. Nxh3 d5 41.
cxd5 Bxd5 42. b3 a4 43. Nd2 b5 44. Ng5 Ke8 45. Nge4 Be7 46. h4 Kf7 47. bxa4 b4
48. Nc4 Bd8 49. Nxc5 Bc6 50. Ne5+ 1-0

[Event "chess.com SpeedChess Q2Sw"]
[Site "chess.com INT"]
[Date "2022.11.12"]
[Round "2"]
[White "Brodowski, Piotr"]
[Black "Ljukin, Sergei"]
[Result "1-0"]
[WhiteTitle "IM"]
[BlackTitle "FM"]
[WhiteElo "2455"]
[BlackElo "2362"]
[WhiteFideId "1124480"]
[BlackFideId "14102200"]
[EventDate "2022.11.12"]

1. e4 e6 2. d4 d5 3. Nc3 Bb4 4. Ne2 Nc6 5. e5 f6 6. f4 fxe5 7. dxe5 Nge7 8. a3
Bc5 9. b4 Bb6 10. Na4 Nf5 11. Nxb6 axb6 12. Ng3 Qh4 13. Qh5+ Qxh5 14. Nxh5 Nxb4
15. Kd2 O-O 16. Bb2 Nc6 17. Bd3 Bd7 18. g4 Nh4 19. Raf1 Be8 20. Ng3 Bd7 21. Rhg1
Na5 22. f5 c5 23. f6 gxf6 24. exf6 d4 25. Nh5 c4 26. f7+ Rxf7 27. Nf6+ Rxf6 28.
Rxf6 cxd3 29. cxd3 e5 30. g5 Nb3+ 31. Ke2 Rc8 32. Kd1 Ba4 33. Rxb6 Nc5+ 34. Ke2
Nd7 35. Rxb7 Rc2+ 36. Kf1 Nf3 37. Rg3 Nd2+ 38. Kg1 Kg7 39. h4 Bc6 40. Rc7 Nf3+
41. Rxf3 e4 42. dxe4 Rxb2 43. Rxc6 Ne5 44. Rc7+ Kg6 45. Rf5 Kh5 46. Rxe5 Kg4 47.
Rd5 Kg3 48. Kf1 Rd2 49. Ke1 Rd3 50. Ke2 Re3+ 51. Kd2 Rxe4 52. Rcd7 1-0

[Event "chess.com SpeedChess Q2Sw"]
[Site "chess.com INT"]
[Date "2022.11.12"]
[Round "2"]
[White "Bluebaum, Matthias"]
[Black "Santos Ruiz, Miguel"]
[Result "0-1"]
[WhiteTitle "GM"]
[BlackTitle "GM"]
[WhiteElo "2651"]
[BlackElo "2587"]
[WhiteFideId "24651516"]
[BlackFideId "22291482"]
[EventDate "2022.11.12"]

1. d4 Nf6 2. c4 e6 3. Nc3 Bb4 4. e3 O-O 5. Bd2 d5 6. Nf3 Re8 7. Rc1 b6 8. cxd5
exd5 9. Ne5 Bf8 10. Bb5 Re6 11. O-O c5 12. f4 Bb7 13. Be1 a6 14. Ba4 b5 15. Bc2
Nc6 16. Bh4 Qd6 17. Kh1 Rae8 18. a3 cxd4 19. exd4 Ba8 20. Bf5 R6e7 21. Qd3 g6
22. Bxf6 Qxf6 23. Nxd5 Qxf5 24. Qxf5 gxf5 25. Nxc6 Re6 26. Nc7 Bxc6 27. d5 Bxd5
28. Nxd5 Bg7 29. b4 Rd8 30. Rfd1 Kf8 31. Nc7 Rxd1+ 32. Rxd1 Rc6 33. Nd5 Bb2 34.
g3 Bxa3 35. Rd3 Bb2 36. Ne3 Rc3 37. Rxc3 Bxc3 38. Nd5 Bd4 39. Kg2 Ke8 40. Nc7+
Kd7 41. Nxa6 Kc6 42. Kf3 Kb7 43. Nc5+ Bxc5 44. bxc5 Kc6 45. g4 Kxc5 46. gxf5 Kd4
47. Kg4 b4 48. Kg5 b3 49. Kf6 Ke4 50. h4 b2 51. h5 h6 52. Kg7 b1=Q 53. f6 Kf5
54. Kxh6 Qb6 55. Kh7 Kxf6 56. f5 Kxf5 57. h6 Kg5 58. Kg7 Qxh6+ 59. Kg8 f5 60.
Kf7 f4 0-1

[Event "chess.com SpeedChess Q2Sw"]
[Site "chess.com INT"]
[Date "2022.11.12"]
[Round "2"]
[White "Pakleza, Zbigniew"]
[Black "Miszler, Levente"]
[Result "1-0"]
[WhiteTitle "GM"]
[BlackTitle "CM"]
[WhiteElo "2496"]
[BlackElo "2276"]
[WhiteFideId "1119290"]
[BlackFideId "763276"]
[EventDate "2022.11.12"]

1. d4 Nf6 2. Nf3 e6 3. Bf4 c5 4. c3 Nc6 5. e3 d5 6. Nbd2 Bd6 7. Bg3 O-O 8. Bd3
b6 9. Ne5 Qc7 10. f4 Bb7 11. O-O Ne7 12. Qb1 g6 13. Bh4 Kg7 14. g4 Bxe5 15. fxe5
Nxg4 16. Bf6+ Kg8 17. Qe1 Nf5 18. Bxf5 exf5 19. Qh4 h5 20. Rxf5 Kh7 21. Nf3 Nh6
22. Rf4 Bc8 23. Ng5+ Kg8 24. Raf1 cxd4 25. exd4 Bg4 26. h3 Be2 27. R1f2 Qc4 28.
Rg2 Qd3 29. Kh2 b5 30. Rff2 Nf5 31. Rxf5 Qxf5 32. Rxe2 b4 33. Rf2 Qd3 34. Rg2
bxc3 35. bxc3 Rab8 36. e6 Rb1 37. exf7+ Rxf7 38. Nxf7 Qd1 39. Rxg6+ Kxf7 40.
Rg7+ Kf8 41. Qf2 Qh1+ 42. Kg3 Rg1+ 43. Kh4 Rxg7 44. Bxg7+ Kxg7 45. Qg3+ Kf7 46.
Qf4+ Ke6 47. Qe5+ Kd7 48. Qf5+ Ke7 49. Kxh5 Qd1+ 50. Kg6 Qg1+ 51. Qg5+ Qxg5+ 52.
Kxg5 Kf7 53. Kf5 Kg7 54. Ke5 1-0

[Event "chess.com SpeedChess Q2Sw"]
[Site "chess.com INT"]
[Date "2022.11.12"]
[Round "2"]
[White "Kalogridis, Antonios"]
[Black "Peng, David"]
[Result "1-0"]
[WhiteTitle "FM"]
[BlackTitle "FM"]
[WhiteElo "2293"]
[BlackElo "2287"]
[WhiteFideId "25833901"]
[BlackFideId "2059355"]
[EventDate "2022.11.12"]

1. d4 Nf6 2. c4 e6 3. e3 d5 4. Nc3 c6 5. Nf3 Nbd7 6. b3 Bd6 7. Bd3 e5 8. dxe5
Nxe5 9. Nxe5 Bxe5 10. Bb2 O-O 11. Qc2 dxc4 12. Bxc4 b5 13. Be2 Qe7 14. O-O Bb7
15. Bf3 a6 16. Rfd1 Rad8 17. Rxd8 Rxd8 18. Rd1 Rc8 19. Ne2 Bxb2 20. Qxb2 c5 21.
Bxb7 Qxb7 22. Qe5 h6 23. Ng3 Qc7 24. Qc3 c4 25. Nf5 Rd8 26. Rc1 Qd7 27. g4 cxb3
28. axb3 Qe6 29. h3 h5 30. Qc7 Qd7 31. Qe5 hxg4 32. hxg4 Qe6 33. Qxe6 fxe6 34.
Nd4 Kf7 35. Rc6 e5 36. Nf5 Nxg4 37. Rxa6 Rd1+ 38. Kg2 Rd2 39. Nd6+ Kg8 40. Ne4
Rb2 41. Rg6 Nxe3+ 42. Kf3 Nf5 43. Rg5 Nd4+ 44. Kg4 Rxb3 45. Rxe5 b4 46. Ng5 g6
47. Rd5 Nc6 48. Rd6 Ne5+ 49. Kf4 Nf7 50. Rxg6+ Kf8 51. Rf6 Rb2 52. Rxf7+ Ke8 53.
Kg3 b3 54. Rb7 Rb1 55. Nf3 b2 56. Kg2 Kd8 57. Nd2 Kc8 58. Rb3 Kc7 59. Nxb1 1-0

[Event "chess.com SpeedChess Q2Sw"]
[Site "chess.com INT"]
[Date "2022.11.12"]
[Round "2"]
[White "Ankerst, Mihael"]
[Black "Durarbayli, Vasif"]
[Result "0-1"]
[WhiteTitle "FM"]
[BlackTitle "GM"]
[WhiteElo "2370"]
[BlackElo "2612"]
[WhiteFideId "14602369"]
[BlackFideId "13402935"]
[EventDate "2022.11.12"]

1. e4 c5 2. Nf3 d6 3. d4 cxd4 4. Nxd4 Nf6 5. Nc3 a6 6. Bc4 e6 7. Bb3 Be7 8. g4
Nc6 9. g5 Nd7 10. Bxe6 fxe6 11. Nxe6 Qa5 12. Nxg7+ Kf7 13. Nf5 Nde5 14. f4 Ng6
15. Nxd6+ Bxd6 16. Qxd6 Re8 17. Be3 Rxe4 18. Kf2 Re6 19. Qd3 Nce7 20. Ne4 Nf5
21. Rhe1 b6 22. b4 Qxb4 23. Ng3 Nxe3 24. Rxe3 Rxe3 25. Qxe3 Qxf4+ 26. Qxf4+ Nxf4
27. Rd1 Nh3+ 28. Ke3 Nxg5 29. Rd6 b5 30. Rb6 Ra7 31. h4 Ne6 32. Nh5 Rc7 33. Kd2
Nd4 34. Rf6+ Ke7 35. c3 Ne6 36. Rh6 Nf8 37. Rf6 Be6 38. Rf2 Rc4 39. Nf4 Ra4 40.
Kd3 Rxa2 41. Rf3 Bc4+ 42. Kd4 Rd2+ 43. Kc5 Nd7+ 44. Kc6 Ne5+ 45. Kb7 Nxf3 46.
Kxa6 Rd6+ 47. Ka5 Ne5 48. Kb4 Nd3+ 49. Nxd3 Rxd3 50. Kc5 Rxc3 51. Kb4 Rb3+ 52.
Ka5 Rh3 53. Kb4 Ke6 54. Kc5 Ke5 55. Kb4 h6 56. h5 Rxh5 57. Kc5 Rg5 58. Kb4 Bf7
59. Kc3 Bg6 60. Kb4 h5 61. Kc5 h4 62. Kxb5 h3 63. Kc5 h2 64. Kc6 Bh5 65. Kd7
h1=Q 66. Ke7 Qb7+ 67. Kf8 Qf7# 0-1

[Event "chess.com SpeedChess Q2Sw"]
[Site "chess.com INT"]
[Date "2022.11.12"]
[Round "2"]
[White "Vokhidov, Shamsiddin"]
[Black "Firat, Burak"]
[Result "1-0"]
[WhiteTitle "GM"]
[BlackTitle "GM"]
[WhiteElo "2568"]
[BlackElo "2460"]
[WhiteFideId "14204223"]
[BlackFideId "6305881"]
[EventDate "2022.11.12"]

1. e4 e5 2. Nf3 Nc6 3. Nc3 Nf6 4. a3 d5 5. Bb5 Qd6 6. d4 dxe4 7. Nxe5 a6 8.
Bxc6+ bxc6 9. Bf4 Qe6 10. Qe2 Bb7 11. O-O-O O-O-O 12. Rhe1 c5 13. dxc5 Bxc5 14.
Nc4 Qg4 15. Be3 Be7 16. Na5 Qxe2 17. Nxe2 Ba8 18. h3 h6 19. Nd4 Rd5 20. Ndc6 Bd6
21. c4 Rxd1+ 22. Rxd1 Bxc6 23. Nxc6 Kd7 24. Nb4 a5 25. Nd5 Nxd5 26. Rxd5 Ra8 27.
a4 Ke6 28. Bd2 f5 29. Bxa5 c6 30. Rxd6+ Kxd6 31. b4 c5 32. Kc2 f4 33. Kb3 g5 34.
Bb6 cxb4 35. Kxb4 h5 36. a5 g4 37. hxg4 hxg4 38. Kb5 e3 39. fxe3 f3 40. gxf3
gxf3 41. e4 Rg8 42. a6 Rg2 43. c5+ Ke6 44. a7 Rb2+ 45. Ka6 Ra2+ 46. Ba5 f2 47.
a8=Q f1=Q+ 48. Kb6 Rb2+ 49. Ka7 Qf7+ 50. Ka6 Qd7 51. Qg8+ Ke7 52. Qg7+ Ke8 53.
Qxb2 Qc8+ 54. Qb7 Qxc5 55. Qb5+ Qxb5+ 56. Kxb5 Ke7 57. Kc4 Ke6 58. Kd4 1-0

[Event "chess.com SpeedChess Q2Sw"]
[Site "chess.com INT"]
[Date "2022.11.12"]
[Round "2"]
[White "Sevian, Samuel"]
[Black "Tasdogen, Dincer"]
[Result "1-0"]
[WhiteTitle "GM"]
[BlackTitle "FM"]
[WhiteElo "2687"]
[BlackElo "2303"]
[WhiteFideId "2040506"]
[BlackFideId "6367097"]
[EventDate "2022.11.12"]

1. d4 g6 2. Bf4 Bg7 3. Nc3 d6 4. Nf3 Nf6 5. Qd2 Nbd7 6. Bh6 Bxh6 7. Qxh6 c5 8.
O-O-O cxd4 9. Rxd4 Qa5 10. e3 Nb6 11. a4 Bd7 12. b4 Qh5 13. Qxh5 Nxh5 14. a5 Nc8
15. Nd5 Kd8 16. Bc4 e6 17. Nc3 d5 18. Bd3 f5 19. g4 Nf6 20. gxf5 gxf5 21. Rg1
Nd6 22. Rh4 Kc7 23. Ne5 Rag8 24. Rg3 Be8 25. Ne2 Nde4 26. Bxe4 fxe4 27. f4 exf3
28. Rxf3 Ne4 29. Nd4 Kd6 30. Nf7+ Bxf7 31. Rxf7 Rg1+ 32. Kb2 Nd2 33. Rh6 Re8 34.
Rxb7 Nc4+ 35. Ka2 Nxe3 36. Rxa7 Rd1 37. Nb5+ Ke5 38. Rh5+ Kf6 39. Nc7 Rg8 40.
Rh6+ Kf5 41. Kb3 Rb1+ 42. Kc3 Rg4 43. Nxe6 Rc4+ 44. Kd3 Ng4 45. Ng7+ Kf4 46. Rh4
Rd1+ 47. Ke2 Rg1 48. h3 Rg2+ 49. Kf1 Rgxc2 50. Rxg4+ Kf3 51. Rf7+ Ke3 52. Nf5+
Kd3 53. Rxc4 dxc4 54. Rd7+ Ke4 55. Nd6+ Ke3 56. a6 c3 57. a7 Ra2 58. Nc4+ Kf3
59. Rf7+ Kg3 60. Na5 c2 61. Rc7 Kf3 62. a8=Q+ Ke3 63. Rc3+ Kd2 64. Rxc2+ Rxc2
65. Qg2+ Kc1 66. Qxc2+ Kxc2 67. b5 1-0

[Event "chess.com SpeedChess Q2Sw"]
[Site "chess.com INT"]
[Date "2022.11.12"]
[Round "2"]
[White "Manukyan, Sargis A."]
[Black "Matveeva, Olga"]
[Result "1-0"]
[WhiteTitle "FM"]
[BlackTitle "WIM"]
[WhiteElo "2163"]
[BlackElo "2111"]
[WhiteFideId "13303970"]
[BlackFideId "24107018"]
[EventDate "2022.11.12"]

1. d4 e6 2. e3 d5 3. Nf3 c5 4. Be2 Nf6 5. O-O Nc6 6. b3 cxd4 7. exd4 Bd6 8. Bb2
O-O 9. Nbd2 b6 10. a3 Bb7 11. Bd3 Rc8 12. Ne5 Ne7 13. f4 Ne4 14. Qe2 f5 15. Ndf3
Nc6 16. Nxc6 Bxc6 17. Ne5 Bxe5 18. fxe5 Qh4 19. g3 Qh3 20. Qg2 Qxg2+ 21. Kxg2 g5
22. h4 gxh4 23. gxh4 Kf7 24. Kh2 Rg8 25. Rg1 Rg6 26. h5 Rxg1 27. Rxg1 Rg8 28.
Rxg8 Kxg8 29. Bc1 Kg7 30. Kg2 Be8 31. Be2 Nc3 32. Bf3 Ne4 33. a4 Bc6 34. Be3 Be8
35. Bf2 Nxf2 36. Kxf2 Kh6 37. c4 dxc4 38. bxc4 Bxh5 39. Bc6 Bf7 40. d5 exd5 41.
cxd5 Kg7 42. e6 Bh5 43. d6 Kf6 44. e7 Ke6 45. e8=Q+ Bxe8 46. Bxe8 Kxd6 47. Ke3
Kc5 48. Kd3 a6 49. Kc3 f4 50. Bh5 h6 51. Bf3 a5 52. Be2 f3 53. Bf1 h5 54. Kd2
Kb4 55. Bb5 h4 56. Ke3 h3 57. Kxf3 h2 58. Kg2 Kc5 59. Kh1 Kd6 60. Kxh2 Kc7 61.
Kg3 Kb7 62. Kg4 Ka7 63. Kg5 Kb7 64. Kf4 Ka7 65. Ke4 Kb7 66. Ke5 Ka7 67. Ke6 Kb7
68. Ke7 Kb8 69. Kd6 Kb7 70. Kd7 Kb8 71. Kc6 Ka7 72. Kc7 Ka8 73. Kxb6 Kb8 74.
Kxa5 1-0

[Event "chess.com SpeedChess Q2Sw"]
[Site "chess.com INT"]
[Date "2022.11.12"]
[Round "2"]
[White "Dehtiarov, Roman"]
[Black "Sipahioglu, Irmak"]
[Result "1-0"]
[WhiteTitle "FM"]
[WhiteElo "2300"]
[BlackElo "2041"]
[WhiteFideId "14186640"]
[BlackFideId "6307205"]
[EventDate "2022.11.12"]

1. e4 e6 2. d3 d5 3. Nd2 Nf6 4. g3 Nc6 5. Bg2 dxe4 6. Nxe4 Be7 7. Ne2 O-O 8. O-O
Bd7 9. h3 Nxe4 10. dxe4 e5 11. c3 Be6 12. Qc2 Bc5 13. Be3 Bxe3 14. fxe3 Qg5 15.
Rf3 Rad8 16. b3 a5 17. a4 Rd7 18. Kh2 Rfd8 19. Qc1 Rd2 20. Ng1 Qh5 21. Qf1 Rb2
22. Rd1 Rdd2 23. Rxd2 Rxd2 24. Rf2 Rxf2 25. Qxf2 Bxb3 26. g4 Qh6 27. Qb2 Qe6 28.
Nf3 f6 29. Nd2 Bxa4 30. Qxb7 Qd7 31. Nc4 h5 32. Nb6 Qd2 33. Nxa4 Qxe3 34. Qc8+
Kf7 35. Qxc7+ Ne7 36. Qc4+ Kg6 37. Nc5 Qf4+ 38. Kh1 Qc1+ 39. Qf1 Qxc3 40. Nd7
Kf7 41. Qb1 a4 42. Qa2+ Qb3 43. Qa1 Nc6 44. Nc5 Nd4 45. Nxb3 axb3 46. Qb2 Kg6
47. Bf1 hxg4 48. hxg4 Kg5 49. Bc4 Kxg4 50. Bxb3 Kf4 51. Bd5 g5 52. Qf2+ Nf3 53.
Kg2 g4 54. Be6 f5 55. Bxf5 Kg5 56. Qe3+ Kh4 57. Qh6# 1-0

[Event "chess.com SpeedChess Q2Sw"]
[Site "chess.com INT"]
[Date "2022.11.12"]
[Round "2"]
[White "Ozen, Bahadir"]
[Black "Naroditsky, Daniel"]
[Result "1-0"]
[WhiteTitle "IM"]
[BlackTitle "GM"]
[WhiteElo "2369"]
[BlackElo "2617"]
[WhiteFideId "6337058"]
[BlackFideId "2026961"]
[EventDate "2022.11.12"]

1. g3 e5 2. Bg2 d5 3. d3 Nf6 4. Nf3 Bd6 5. O-O O-O 6. Nbd2 c6 7. e4 Re8 8. Re1
Bg4 9. h3 Bh5 10. b3 Nbd7 11. Bb2 a5 12. a3 Qc7 13. c3 Bf8 14. Qc2 Rad8 15. b4
h6 16. Nh4 dxe4 17. dxe4 b5 18. Bf3 Bxf3 19. Nhxf3 Nb6 20. c4 Na4 21. cxb5 Nxb2
22. Qxb2 cxb5 23. Kg2 axb4 24. axb4 Rd3 25. Ra3 Rxa3 26. Qxa3 Qd6 27. Rb1 Rc8
28. Qb2 Nd7 29. Nf1 Rc4 30. Ne3 Rxb4 31. Qc2 Rxb1 32. Qxb1 b4 33. Nc4 Qe6 34.
Nfd2 Bc5 35. Qd3 Be7 36. f4 Nc5 37. Qe3 exf4 38. gxf4 b3 39. f5 Qa6 40. Qd4 Qa2
41. e5 Qa8+ 42. Kh2 Qb8 43. Kg2 Qb7+ 44. Kh2 Nd7 45. Ne4 Qc7 46. Kg2 Nc5 47. f6
gxf6 48. exf6 Bf8 49. Ng3 Qb7+ 50. Kh2 Qf3 51. Ne5 Qxf6 52. Nh5 Qg5 53. Ng4 Bg7
54. Nxg7 Qxg7 55. Nf6+ Qxf6 56. Qxf6 Na4 57. Qd8+ Kg7 58. Qd4+ 1-0

[Event "chess.com SpeedChess Q2Sw"]
[Site "chess.com INT"]
[Date "2022.11.12"]
[Round "2"]
[White "Yanchenko, Roman"]
[Black "Chigaev, Maksim"]
[Result "0-1"]
[WhiteTitle "FM"]
[BlackTitle "GM"]
[WhiteElo "2467"]
[BlackElo "2632"]
[WhiteFideId "4137329"]
[BlackFideId "4108116"]
[EventDate "2022.11.12"]

1. d4 Nf6 2. c4 g6 3. Nf3 Bg7 4. Bf4 O-O 5. e3 c5 6. Nc3 d6 7. h3 Qb6 8. Qb3 Nc6
9. d5 Nb4 10. Nd2 Qa5 11. Be2 Bf5 12. Rc1 Na6 13. O-O Qc7 14. e4 Bd7 15. Nb5
Bxb5 16. cxb5 Nb8 17. Qe3 Nbd7 18. g4 a6 19. g5 Ne8 20. bxa6 bxa6 21. Nc4 a5 22.
h4 Nb6 23. Rc2 Nxc4 24. Bxc4 a4 25. h5 Bd4 26. Qh3 Ng7 27. Be2 Rab8 28. Bc1 Qc8
29. Bg4 Qe8 30. Kg2 f5 31. gxf6 Rxf6 32. h6 Nh5 33. Bxh5 gxh5 34. Bg5 Qg6 35.
Qh4 Rbf8 36. f3 Rf4 37. Qg3 Rxe4 38. fxe4 Qxe4+ 39. Kh3 Rxf1 40. Bf6+ Kf7 41.
Qg7+ Ke8 42. Qg8+ Kd7 43. Qe6+ Qxe6+ 44. dxe6+ Kxe6 45. Bxd4 cxd4 46. Re2+ Kd5
47. Rxe7 d3 48. Rxh7 d2 49. Rg7 d1=Q 50. h7 Rh1+ 51. Kg3 Qg1+ 0-1

[Event "chess.com SpeedChess Q2Sw"]
[Site "chess.com INT"]
[Date "2022.11.12"]
[Round "2"]
[White "Mika, Tomasz"]
[Black "Ristic, Nebojsa M"]
[Result "0-1"]
[WhiteTitle "CM"]
[BlackTitle "IM"]
[WhiteElo "2185"]
[BlackElo "2335"]
[WhiteFideId "1132970"]
[BlackFideId "900850"]
[EventDate "2022.11.12"]

1. Nf3 Nf6 2. c4 b6 3. g3 Bb7 4. Bg2 g6 5. b3 Bg7 6. Bb2 O-O 7. d3 d6 8. O-O e5
9. e3 e4 10. dxe4 Nxe4 11. Bxg7 Kxg7 12. Nfd2 f5 13. Nxe4 fxe4 14. Nc3 Re8 15.
Qd4+ Qf6 16. Rad1 Nd7 17. Nxe4 Qxd4 18. Rxd4 Bxe4 19. Bxe4 Rad8 20. Bc6 Re7 21.
Bxd7 Rdxd7 22. Rfd1 Rf7 23. Kf1 a5 24. Ke2 Rde7 25. f4 h6 26. Kf3 Rf8 27. Re1
Rfe8 28. e4 Kf6 29. Rd2 h5 30. h3 Rh8 31. Rde2 Rhe8 32. g4 Kg7 33. e5 dxe5 34.
Rxe5 Rxe5 35. Rxe5 Rd8 36. Re7+ Kf8 37. Rxc7 Rd3+ 38. Ke4 Rxh3 39. gxh5 gxh5 40.
Rc6 Rh2 41. a4 h4 42. Rxb6 Rb2 43. Kd5 h3 44. f5 Kg7 45. Rb7+ Kh6 46. Rb8 Kh7
47. Rb7+ Kh6 48. Re7 Rxb3 49. Re2 Kg5 50. c5 Kxf5 51. Rc2 Rd3+ 52. Kc4 Rg3 53.
Kb5 Rg2 54. Rc1 h2 55. Rh1 Rb2+ 56. Ka6 Ke5 57. Kxa5 Kd5 58. Ka6 Kc6 59. a5 Ra2
60. Rd1 Rg2 61. Rh1 Rg8 62. Ka7 Rg7+ 63. Ka6 Rg8 64. Ka7 Rg2 65. a6 Ra2 66. Rf1
Kb5 67. Rb1+ Kxc5 68. Kb7 Rb2+ 69. Rxb2 h1=Q+ 70. Kb8 Qh8+ 71. Kb7 Qxb2+ 0-1